[Event "Champagne Ardenne op 5th"]
[Site "Champagne Ardenne"]
[Date "2009.05.02"]
[Round "5"]
[White "Lucas Fauchois, Leo"]
[Black "Gilles, Sebastien"]
[Result "0-1"]
[WhiteElo "1060"]
[BlackElo "1499"]
[PlyCount "62"]
[EventDate "2009.05.01"]
[EventType "swiss"]
[EventRounds "7"]
[EventCountry "FRA"]
[SourceTitle "EXT 2010"]
[Source "ChessBase"]
[SourceDate "2010.11.25"]
[SourceVersion "1"]
[SourceVersionDate "2010.11.25"]
[SourceQuality "1"]

1. e4 Nf6 2. Nc3 e6 3. d3 Bb4 4. a3 Be7 5. Be2 d5 6. Nf3 dxe4 7. dxe4 Qxd1+ 8. Nxd1 0-0 9. 0-0 Nxe4 10. Bd3 Nc5 11. b3 Nbd7 12. h3 Bf6 13. Rb1 Ne5 14. Nh4 b6 15. Ra1 Bb7 16. Re1 Nexd3 17. Bb2 Nxb2 18. Nxb2 Bxb2 19. Rab1 Bxa3 20. Ra1 Bb4 21. Red1 e5 22. Rd5 e4 23. Rd4 Bc3 24. Rc4 Bxa1 25. g3 Rad8 26. Nf5 Rd1+ 27. Kg2 Rfd8 28. b4 e3+ 29. Kh2 Rf1 30. Rg4 Rdd1 31. Nxg7 Rh1# 0-1